Grandes biografías. (Record no. 75670)

MARC details
000 -LEADER
campo de control de longitud fija 01340nam a2200349 i 4500
001 - NÚMERO DE CONTROL
campo de control 75670
003 - IDENTIFICADOR DE NÚMERO DE CONTROL
campo de control ES-MaACL
005 - FECHA Y HORA DE LA ÚLTIMA TRANSACCIÓN
campo de control 20250825062719.0
007 - CAMPO FIJO DE DESCRIPCIÓN FÍSICA--INFORMACIÓN GENERAL
campo de control de longitud fija t|
008 - DATOS DE LONGITUD FIJA--INFORMACIÓN GENERAL
campo de control de longitud fija 040927s1970 sp ||||1| spa d
080 ## - NÚMERO DE LA CLASIFICACIÓN DECIMAL UNIVERSAL
Número de la Clasificación Decimal Universal 929 Lenin, Vladimir Ilyeh
080 ## - NÚMERO DE LA CLASIFICACIÓN DECIMAL UNIVERSAL
Número de la Clasificación Decimal Universal 929 Colón, Cristóbal
080 ## - NÚMERO DE LA CLASIFICACIÓN DECIMAL UNIVERSAL
Número de la Clasificación Decimal Universal 929 Juana de Arco, Santa
245 00 - MENCIÓN DEL TÍTULO
Título Grandes biografías.
260 ## - PUBLICACIÓN, DISTRIBUCIÓN, ETC.
Lugar de publicación, distribución, etc. Madrid :
Nombre del editor, distribuidor, etc. Selecciones del Reader's Digest,
Fecha de publicación, distribución, etc. [1970]
300 ## - DESCRIPCIÓN FÍSICA
Extensión 428 p., 3 lám. :
Otras características físicas il. col. y n. ;
Dimensiones 24 cm.
505 8# - NOTA DE CONTENIDO CON FORMATO
Nota de contenido con formato Contiene: Vida y muerte de Lenin / Robert Payne ; traducción, Eduardo Meruéndano. Cristóbal Colón / Samuel Eliot Morison ; traducción, Ricardo Vallespín . Juana de Arco / Bigelow Payne ; traducción, Alejandro Sestelo
600 14 - PUNTO DE ACCESO ADICIONAL DE MATERIA--NOMBRE DE PERSONA
Nombre de persona Lenin, Vladimir Il'ich,
Fechas asociadas al nombre 1870-1924
9 (RLIN) 71523
600 14 - PUNTO DE ACCESO ADICIONAL DE MATERIA--NOMBRE DE PERSONA
Nombre de persona Colón, Cristóbal-
Subdivisión general Biografías.
9 (RLIN) 39871
600 04 - PUNTO DE ACCESO ADICIONAL DE MATERIA--NOMBRE DE PERSONA
Nombre de persona Juana de Arco,
Títulos y otros términos asociados al nombre Santa.
9 (RLIN) 165346
655 #0 - TERMINO DE INDIZACIÓN--GENERO/FORMA
Datos o término principal de género/forma Biografías
9 (RLIN) 176647
700 1# - ENTRADA AGREGADA--NOMBRE PERSONAL
Nombre de persona Payne, Robert.
9 (RLIN) 89728
700 1# - ENTRADA AGREGADA--NOMBRE PERSONAL
Nombre de persona Meruéndano, Eduardo.
9 (RLIN) 174123
700 1# - ENTRADA AGREGADA--NOMBRE PERSONAL
Nombre de persona Morison, Samuel Eliot.
9 (RLIN) 83580
700 1# - ENTRADA AGREGADA--NOMBRE PERSONAL
Nombre de persona Vallespín, Ricardo.
9 (RLIN) 112901
700 1# - ENTRADA AGREGADA--NOMBRE PERSONAL
Nombre de persona Payne, Albert Bigelow.
9 (RLIN) 174124
700 1# - ENTRADA AGREGADA--NOMBRE PERSONAL
Nombre de persona Sestelo, Alejandro.
9 (RLIN) 174125
710 2# - ENTRADA AGREGADA--NOMBRE DE ENTIDAD CORPORATIVA
Nombre de entidad corporativa o nombre de jurisdicción como elemento de entrada Selecciones del Reader's Digest.
9 (RLIN) 6545
852 4# - LOCALIZACIÓN
Ubicación ES-MaACL
Número de control de estantería C-41344
942 ## - ELEMENTOS DE ENTRADA SECUNDARIOS (KOHA)
Fuente del sistema de clasificación o colocación Clasificación decimal universal
Holdings
Estatus retirado Estado de pérdida Estado de daño No para préstamo Biblioteca de origen Biblioteca actual Ubicación en estantería Fecha de adquisición Fuente de adquisición Total de préstamos Signatura topográfica completa Código de barras Visto por última vez Precio de reemplazo Tipo de ítem Koha
        Biblioteca del Ateneo de Madrid Biblioteca del Ateneo de Madrid Depósito 2 17/01/2008     C-41344 1079201 23/02/2023 23/02/2023 Libro impreso